header

Future of health technology (Record no. 104525)

MARC details
000 -LEADER
fixed length control field 01390nam a22003494a 4500
082 04 - DEWEY DECIMAL CLASSIFICATION NUMBER
Classification number 610/.28
245 00 - TITLE STATEMENT
Title Future of health technology
260 ## - PUBLICATION, DISTRIBUTION, ETC. (IMPRINT)
Place of publication Amsterdam ;
-- Washington, DC :
Name of publisher IOS Press,
Year of publication c2002.
300 ## - PHYSICAL DESCRIPTION
Number of Pages xiv, 285 p. :
Other physical details ill.
490 1# - SERIES STATEMENT
Series statement Studies in health technology and informatics,
650 #0 - SUBJECT ADDED ENTRY--TOPICAL TERM
Topical Term Medical technology.
Topical Term Medical technology
Topical Term Medical innovations
700 1# - ADDED ENTRY--PERSONAL NAME
Personal name Bushko, Renata Glowacka.
856 40 - ELECTRONIC LOCATION AND ACCESS
Uniform Resource Identifier http://site.ebrary.com/lib/rucke/Doc?id=10116482

No items available.

© 2026 Rongo University
Contact us: librarian | system librarian | Rongo university